Arte de America Latina 1900-1980 (Record no. 585)
[ view plain ]
| 000 -LEADER | |
|---|---|
| campo de control de longitud fija | 00614nam a22001577a 4500 |
| 008 - DATOS DE LONGITUD FIJA--INFORMACIÓN GENERAL | |
| campo de control de longitud fija | 150515b xxu||||| |||| 00| 0 eng d |
| 020 ## - NÚMERO INTERNACIONAL ESTÁNDAR DEL LIBRO | |
| Número Internacional Estándar del Libro | 0940602695 |
| 082 ## - NÚMERO DE LA CLASIFICACIÓN DECIMAL DEWEY | |
| Número de clasificación | 709.809.04 |
| Número de ítem | T 758a |
| 100 ## - ENTRADA PRINCIPAL--NOMBRE DE PERSONA | |
| Nombre de persona | Traba, Marta |
| 9 (RLIN) | 2628 |
| 245 ## - MENCIÓN DEL TÍTULO | |
| Título | Arte de America Latina 1900-1980 |
| Mención de responsabilidad, etc. | Traba, Marta |
| 260 ## - PUBLICACIÓN, DISTRIBUCIÓN, ETC. | |
| Lugar de publicación, distribución, etc. | New York Avenue |
| Nombre del editor, distribuidor, etc. | Banco Interamericano de Desarrollo |
| Fecha de publicación, distribución, etc. | 1994 |
| 300 ## - DESCRIPCIÓN FÍSICA | |
| Extensión | 178 p. |
| Otras características físicas | ill. (col) |
| Dimensiones | 22x28 cm |
| 505 ## - NOTA DE CONTENIDO CON FORMATO | |
| Título | El Muralismo Mexicano: Acción y consecuencias |
| -- | La Transfusión de las Vanguardias |
| -- | Las décadas emergentes |
| -- | La Vanguardia |
| 650 ## - PUNTO DE ACCESO ADICIONAL DE MATERIA--TÉRMINO DE MATERIA | |
| Subdivisión general | Arte |
| -- | Arte latinoamericano |
| -- | S. 20 |
| 9 (RLIN) | 2629 |
| 700 ## - ENTRADA AGREGADA--NOMBRE PERSONAL | |
| Nombre de persona | Traba, Marta |
| 9 (RLIN) | 2630 |
| Estatus retirado | Estado de pérdida | Fuente del sistema de clasificación o colocación | Estado de daño | No para préstamo | Biblioteca de origen | Biblioteca actual | Ubicación en estantería | Fecha de adquisición | Total de préstamos | Signatura topográfica completa | Código de barras | Visto por última vez | Precio de reemplazo | Tipo de ítem Koha |
|---|---|---|---|---|---|---|---|---|---|---|---|---|---|---|
| Clasificación Decimal Dewey | Biblioteca LadoV | Biblioteca LadoV | 15/05/2015 | 709.809.04 T 758a | 000507 | 15/05/2015 | 15/05/2015 | Material 01 |
